Oeuvres où apparaissent des vampires - Statistiques

Statistiques générales
  • Ce quiz a été pris 36 fois
    13 depuis la dernière actualisation
  • Le résultat moyen est 8 sur 20
Statistiques - réponses
Indice Oeuvre % Correct
Les Cullen sont une famille de vampires dans cette série de films Twilight
100%
Les frères Salvatore font partie de l'entourage d'Elena Vampire Diaries
100%
Le plus célèbre des vampires, qui habite dansun château en Transylvanie Dracula
90%
La Tueuse de Vampires qui doit affronter toutes sortes de créatures, dont des vampires, qui sortent tous de la Bouche de l'Enfer Buffy contre les vampires
80%
Un hôtel pour monstres dirigé par le vampirele plus célèbre qui soit Hôtel Transylvanie
80%
Un des premiers grands films d'horreur, dont l'antagoniste est un mystérieux comte, qui répand la peste dans un village Nosferatu le vampire
60%
Série de jeux vidéo de plateforme dontl'action se déroule dans le château d'un célèbre vampire Castlevania
50%
Dans ce film, le héros, Louis de Pointe du Lac sefait transformer en vampire par Lestat de Lioncourt, et les deux s'enfuient à La Nouvelle Orléans Entretien avec un vampire
50%
L'héroine télépathe entame une relationamoureuse avec un vampire, dans un monde où les vampires, connus du monde tentent de s'intégrer à la population True Blood
50%
L'histoire de Barnabas, devenu vampire contreson gré, qui se réveille 200 ans plus tard, et tente d'aider ses descendants à renflouer l'entreprise de pêche familiale Dark Shadows
40%
Les habitants de cette ville qui donne son nom à ce roman, sont décimés par un vampire du nom de Barlow Salem
40%
A l'origine un livre, il sera adapté en film, où le personnage principal est le dernier survivant de la Terre, et doit faire face aux vampires-zombies Je suis une légende
20%
Le Professeur Abronsius et son assistant Alfred,voulant devenir chasseurs de vampires, tombent sur un château de vampires, préparant leur fête annuelle Le Bal des vampires
20%
L'héroine est une Vampiri, capable de se transformeren chauve-souris. Originaire de Drakulon, elle se rend sur Terre afin de trouver un moyen de sauver sa planète Vampirella
20%
Marceline, la reine des vampires, est un personnagede cette série d'animation qui se passe sur une Terre après une guerre nucléaire Adventure Time
10%
Kain est le héros de cette série de jeux vidéo, où ilest un humain qui a été tué et ressuscité sous forme de vampires, dans un monde où les 9 Piliers ont été corrompus Legacy of Kain
10%
Chanson des Inconnus sur les impôts, oùils sont déguisés en vampires Rap-Tout
10%
Dans cette oeuvre de fiction, les Vampires sontdits descendre du Vampire Alpha Supernatural
0%
Serena est une vampire qui en veut à l'héroinede cette oeuvre Tara Duncan
0%
Version dérivée du Loup-garou qui se joue en 1 seul tour, dont la boîte est décorée d'un vampire Vampire pour une nuit
0%
Aucun quiz correspondant
Distribution des résultats
% des personnes avec chaque résultat
Percentile par nombre de réponses
Votre historique - résultats
Vous n’avez pas pris ce quiz depuis la dernière actualisation